[Event "Moscow op-F 15th"]
[Site "Moscow"]
[Date "2019.02.02"]
[Round "9"]
[White "Badalyan, Shavarsh"]
[Black "Khudyakov, Stanislav"]
[Result "1-0"]
[WhiteElo "2198"]
[BlackElo "2126"]
[PlyCount "135"]
[EventDate "2019.01.25"]
[EventType "swiss"]
[EventRounds "9"]
[EventCountry "RUS"]
[SourceTitle "CBM 188 Extra"]
[Source "ChessBase"]
[SourceDate "2019.02.26"]
[SourceVersion "1"]
[SourceVersionDate "2019.02.26"]
[SourceQuality "1"]

1. d4 Nf6 2. Nf3 d5 3. c4 c6 4. e3 Bf5 5. Nc3 e6 6. Nh4 Bg6 7. Qb3 Qb6 8. Nxg6 hxg6 9. Bd3 Nbd7 10. Bd2 Be7 11. Rd1 0-0 12. 0-0 Rac8 13. Rfe1 Rfd8 14. cxd5 Qxb3 15. axb3 exd5 16. f3 Nf8 17. Ra1 Ra8 18. Na4 Ne6 19. b4 Nd7 20. Nc5 Ndxc5 21. bxc5 Bf6 22. Ra4 a6 23. Rb4 Rab8 24. Ra1 Nc7 25. Rb6 Rdc8 26. Be1 Bg5 27. Bf2 Bd8 28. Bg3 Nb5 29. Bxb8 Bxb6 30. Bxb5 Rxb8 31. cxb6 axb5 32. Ra7 Kf8 33. Kf2 Ke7 34. b4 Ke6 35. Ke2 Kd6 36. Kd3 Ke6 37. h4 Kf6 38. e4 Ke6 39. Ke3 Kd6 40. Kf4 Ke6 41. Kg5 dxe4 42. fxe4 Ke7 43. g4 Ke6 44. h5 gxh5 45. gxh5 Ke7 46. Kf5 Kd6 47. h6 gxh6 48. Kf6 Re8 49. e5+ Kd5 50. Kxf7 Rh8 51. Kg7 Re8 52. Rxb7 Kxd4 53. Kf6 Rf8+ 54. Rf7 Rb8 55. b7 c5 56. Rd7+ Kc4 57. e6 cxb4 58. e7 b3 59. Rd8 b2 60. Rxb8 b1Q 61. Rc8+ Kb4 62. b8Q Qf1+ 63. Ke6 Qh3+ 64. Kd6 Qd3+ 65. Kc7 Qc4+ 66. Kb6 Qd4+ 67. Ka6 Qa1+ 68. Kb7 1-0

[Event "Moscow op-F 14th"]
[Site "Moscow"]
[Date "2018.02.01"]
[Round "7"]
[White "Shapkin, Anatoliy"]
[Black "Badalyan, Shavarsh"]
[Result "1-0"]
[WhiteElo "2278"]
[BlackElo "2172"]
[PlyCount "99"]
[EventDate "2018.01.26"]
[EventType "swiss"]
[EventRounds "9"]
[EventCountry "RUS"]
[SourceTitle "CBM 182 Extra"]
[Source "ChessBase"]
[SourceDate "2018.02.23"]
[SourceVersion "1"]
[SourceVersionDate "2018.02.23"]
[SourceQuality "1"]

1. d4 Nf6 2. c4 e6 3. g3 Bb4+ 4. Bd2 Qe7 5. Bg2 Nc6 6. e3 0-0 7. Ne2 Bxd2+ 8. Qxd2 Qb4 9. Qxb4 Nxb4 10. Kd2 e5 11. dxe5 Ng4 12. f4 d6 13. h3 Nf2 14. Rf1 Nxh3 15. Kc3 Bg4 16. Bf3 Bxf3 17. Rxf3 a5 18. Kb3 Nd3 19. exd6 cxd6 20. Nbc3 Rfe8 21. Raf1 Rac8 22. g4 Nhf2 23. R3xf2 Nxf2 24. Rxf2 Rxe3 25. Nd4 Rc5 26. Nf5 Re6 27. Rd2 h5 28. Na4 Rc7 29. gxh5 Rf6 30. Rd5 g6 31. hxg6 fxg6 32. Nxd6 Rxf4 33. Rxa5 Kh7 34. Nc3 Rg7 35. Nd5 Rf3+ 36. Kb4 g5 37. Ne8 Rg6 38. Ndf6+ Kh6 39. Rb5 Rfxf6 40. Nxf6 Rxf6 41. Rxb7 Rf2 42. b3 g4 43. Rd7 Rxa2 44. c5 Rc2 45. Kb5 g3 46. Rd3 g2 47. Rg3 Rc3 48. Rxg2 Rxb3+ 49. Kc6 Kh5 50. Kc7 1-0

[Event "Moscow op-F 14th"]
[Site "Moscow"]
[Date "2018.01.29"]
[Round "4"]
[White "Borisenko, Viacheslav"]
[Black "Badalyan, Shavarsh"]
[Result "0-1"]
[WhiteElo "2330"]
[BlackElo "2172"]
[PlyCount "140"]
[EventDate "2018.01.26"]
[EventType "swiss"]
[EventRounds "9"]
[EventCountry "RUS"]
[SourceTitle "CBM 182 Extra"]
[Source "ChessBase"]
[SourceDate "2018.02.23"]
[SourceVersion "1"]
[SourceVersionDate "2018.02.23"]
[SourceQuality "1"]

1. e4 c5 2. Nf3 e6 3. c3 Nf6 4. d3 Nc6 5. Be2 d5 6. e5 Nd7 7. d4 f6 8. exf6 Nxf6 9. 0-0 Bd6 10. Be3 cxd4 11. cxd4 0-0 12. h3 Bd7 13. Nc3 Be8 14. Ng5 Qe7 15. f4 h6 16. Nf3 Nh5 17. Ne5 Ng3 18. Rf2 Nxe2+ 19. Qxe2 Qh4 20. Nf3 Qg3 21. Qf1 Bh5 22. Re1 Rae8 23. a3 Bxf3 24. Rxf3 Qg6 25. Qe2 a6 26. Ref1 h5 27. Kh2 Ne7 28. g3 Nf5 29. Bf2 Rc8 30. h4 Rfe8 31. Re1 b5 32. Rd3 b4 33. Na4 bxa3 34. bxa3 Nh6 35. Bg1 Ng4+ 36. Kh1 Nf6 37. Nc5 Bxc5 38. dxc5 Ne4 39. Kh2 Nxc5 40. Bxc5 Rxc5 41. Qe3 Rc2+ 42. Rd2 Rec8 43. Ree2 R8c6 44. Rg2 R2c3 45. Qe5 Rxa3 46. Rb2 Rc1 47. f5 Qxf5 48. Qxf5 exf5 49. Rgf2 Rca1 50. Rxf5 R1a2 51. Rxa2 Rxa2+ 52. Kh3 Rd2 53. Rxh5 a5 54. Rf5 a4 55. Rf3 Rd4 56. Kg2 Rb4 57. Rc3 Rc4 58. Ra3 d4 59. Kf2 Kf7 60. Ke2 Ke6 61. Kd2 Rb4 62. Rf3 Rb2+ 63. Kc1 Rb3 64. Rf8 Rxg3 65. Ra8 a3 66. Ra5 a2 67. Kb2 Rg2+ 68. Kb3 d3 69. Kc3 d2 70. Rxa2 d1N+ 0-1

[Event "Moscow op-F 14th"]
[Site "Moscow"]
[Date "2018.01.28"]
[Round "3"]
[White "Badalyan, Shavarsh"]
[Black "Pischasov, Alexander"]
[Result "1-0"]
[WhiteElo "2172"]
[BlackElo "1855"]
[PlyCount "71"]
[EventDate "2018.01.26"]
[EventType "swiss"]
[EventRounds "9"]
[EventCountry "RUS"]
[SourceTitle "CBM 182 Extra"]
[Source "ChessBase"]
[SourceDate "2018.02.23"]
[SourceVersion "1"]
[SourceVersionDate "2018.02.23"]
[SourceQuality "1"]

1. d4 Nf6 2. c4 g6 3. Nc3 Bg7 4. e4 d6 5. f4 0-0 6. Nf3 c5 7. dxc5 dxc5 8. Qxd8 Rxd8 9. e5 Ne8 10. Be3 b6 11. Be2 Nc6 12. Kf2 f6 13. exf6 Nxf6 14. h3 Bf5 15. Rad1 Bc2 16. Rd2 Rxd2 17. Nxd2 Rd8 18. Rc1 Nb4 19. Kg1 Bd3 20. a3 Nc2 21. Kf2 Nxe3 22. Kxe3 Bxe2 23. Nxe2 Nh5 24. g4 Nxf4 25. Nxf4 Bh6 26. Nf3 e5 27. Nxe5 Bxf4+ 28. Kxf4 Rd2 29. b4 Rd4+ 30. Ke3 h5 31. bxc5 bxc5 32. gxh5 Rh4 33. hxg6 Rxh3+ 34. Ke4 Rxa3 35. Kd5 Re3 36. Ra1 1-0

[Event "Agzamov Memorial 07th"]
[Site "Tashkent"]
[Date "2013.04.22"]
[Round "9"]
[White "Badalyan, Shavarsh"]
[Black "Karimov, Ibragim"]
[Result "0-1"]
[WhiteElo "2090"]
[BlackElo "2307"]
[PlyCount "146"]
[EventDate "2013.04.14"]
[EventType "swiss"]
[EventRounds "9"]
[EventCountry "UZB"]
[SourceTitle "CBM 154 Extra"]
[Source "ChessBase"]
[SourceDate "2013.06.25"]
[SourceVersion "2"]
[SourceVersionDate "2013.06.25"]
[SourceQuality "1"]

1. d4 Nf6 2. c4 e6 3. Nf3 b6 4. g3 Bb7 5. Bg2 Be7 6. 0-0 0-0 7. Re1 d5 8. cxd5 exd5 9. Nc3 Nbd7 10. Nh4 Re8 11. Nf5 Bf8 12. Qb3 c6 13. Bf4 Re6 14. Rad1 a5 15. Qc2 Qe8 16. Bh3 Qd8 17. f3 b5 18. e4 dxe4 19. fxe4 Re8 20. Bg2 b4 21. Na4 Nb6 22. Nc5 Bc8 23. Ne3 Nh5 24. Rf1 Nxf4 25. Rxf4 Ra7 26. Nc4 Nd7 27. Kh1 Nxc5 28. dxc5 Qg5 29. Nd6 Rd8 30. Nxc8 Rxc8 31. Rf5 Qe7 32. Qc4 g6 33. Rf2 Qxc5 34. Qxc5 Bxc5 35. Rc2 Bf8 36. Bh3 Re8 37. Rxc6 Rxe4 38. Rd2 Bh6 39. Rdc2 a4 40. R6c4 b3 41. axb3 axb3 42. Rc8+ Kg7 43. Rf2 Re1+ 44. Bf1 Be3 45. Rf3 Raa1 46. Kg2 Ra2 47. Re8 Rxb2+ 48. Kh1 Rxh2+ 49. Kxh2 b2 50. Rb8 b1Q 51. Rxb1 Rxb1 52. Bc4 Bg1+ 53. Kg2 f5 54. Rb3 Rc1 55. Rb7+ Kf6 56. Bf1 Bd4 57. Rxh7 Rc2+ 58. Kh1 Kg5 59. Rh2 Bf2 60. Bh3 Rc1+ 61. Kg2 Be1 62. Kf3 Rc3+ 63. Kg2 Bxg3 64. Rh1 Be5 65. Kf2 Kf4 66. Bf1 Rc2+ 67. Be2 g5 68. Rh3 g4 69. Rh4 Bf6 70. Rh1 g3+ 71. Ke1 Bc3+ 72. Kd1 Rd2+ 73. Ke1 Ra2+ 0-1

[Event "Wch U14"]
[Site "Maribor"]
[Date "2012.11.17"]
[Round "10.33"]
[White "Badalyan, Shavarsh"]
[Black "Plotkin, Mark"]
[Result "1-0"]
[WhiteElo "2081"]
[BlackElo "1928"]
[PlyCount "73"]
[EventDate "2012.11.08"]
[EventType "swiss"]
[EventRounds "11"]
[EventCountry "SLO"]
[SourceTitle "EXT 2013"]
[Source "ChessBase"]
[SourceDate "2012.11.22"]
[SourceVersion "1"]
[SourceVersionDate "2012.11.22"]
[SourceQuality "1"]

1. d4 Nf6 2. c4 g6 3. Nc3 d5 4. cxd5 Nxd5 5. e4 Nxc3 6. bxc3 Bg7 7. Nf3 0-0 8. Be2 c5 9. 0-0 Bg4 10. Be3 Qc7 11. Rc1 Rd8 12. Qb3 Nc6 13. Ng5 Bxe2 14. Qxf7+ Kh8 15. Ne6 Be5 16. Nxc7 Rf8 17. Qb3 Bxc7 18. Rfe1 Ba6 19. Bh6 Rf6 20. Bg5 Rff8 21. d5 c4 22. Qd1 Ne5 23. Qd4 Rf7 24. Rb1 Kg8 25. Bxe7 Nd3 26. d6 Nxe1 27. dxc7 Rxe7 28. Qd8+ Re8 29. Qd5+ Kf8 30. Rxe1 Re7 31. Qd8+ Re8 32. Qd6+ Kg7 33. Rd1 b6 34. e5 Bb5 35. Qf6+ Kg8 36. Rd8 Ba6 37. Rd7 1-0

[Event "Wch U14"]
[Site "Maribor"]
[Date "2012.11.15"]
[Round "8.16"]
[White "Badalyan, Shavarsh"]
[Black "Mousavi, Seyed Khalil"]
[Result "0-1"]
[WhiteElo "2081"]
[BlackElo "2254"]
[PlyCount "74"]
[EventDate "2012.11.08"]
[EventType "swiss"]
[EventRounds "11"]
[EventCountry "SLO"]
[SourceTitle "EXT 2013"]
[Source "ChessBase"]
[SourceDate "2012.11.22"]
[SourceVersion "1"]
[SourceVersionDate "2012.11.22"]
[SourceQuality "1"]

1. d4 d5 2. c4 e6 3. Nf3 c5 4. cxd5 exd5 5. g3 Nf6 6. Bg2 Nc6 7. 0-0 Be7 8. Nc3 0-0 9. Bg5 c4 10. Ne5 Be6 11. Nxc6 bxc6 12. b3 Qa5 13. Qc2 Rab8 14. bxc4 dxc4 15. Bf4 Rbd8 16. Rfd1 Nd5 17. Bd2 Nb4 18. Qc1 Qa6 19. a3 Nd5 20. e4 Nf6 21. Bf4 Qa5 22. Qd2 Qh5 23. Qe1 g5 24. Bc1 Bg4 25. Rd2 Bf3 26. Qf1 c5 27. e5 Nd7 28. Qxc4 cxd4 29. Bxf3 Qxf3 30. Nd5 Bc5 31. Nf6+ Nxf6 32. exf6 Bb6 33. a4 Rfe8 34. Bb2 d3 35. a5 Re2 36. Rxe2 dxe2 37. Bd4 Bxd4 0-1

[Event "Wch U14"]
[Site "Maribor"]
[Date "2012.11.14"]
[Round "7.11"]
[White "Karthikeyan, Murali"]
[Black "Badalyan, Shavarsh"]
[Result "1-0"]
[WhiteElo "2329"]
[BlackElo "2081"]
[PlyCount "69"]
[EventDate "2012.11.08"]
[EventType "swiss"]
[EventRounds "11"]
[EventCountry "SLO"]
[SourceTitle "EXT 2013"]
[Source "ChessBase"]
[SourceDate "2012.11.22"]
[SourceVersion "1"]
[SourceVersionDate "2012.11.22"]
[SourceQuality "1"]

1. e4 c5 2. Nf3 e6 3. d4 cxd4 4. Nxd4 a6 5. Nc3 Qc7 6. Bd3 Nf6 7. Qe2 d6 8. f4 g6 9. 0-0 Bg7 10. e5 dxe5 11. Ndb5 axb5 12. Nxb5 Qe7 13. fxe5 0-0 14. exf6 Bxf6 15. Qf2 Bg7 16. Be3 Nd7 17. c3 b6 18. Bxb6 Nxb6 19. Qxb6 Rd8 20. Bc4 Ba6 21. a4 Qh4 22. Qc7 Rf8 23. Qf4 Qh5 24. Rae1 Rac8 25. Kh1 Qc5 26. Bd3 Rfd8 27. Qe4 Rd7 28. b4 Qg5 29. Qe3 Qh4 30. Be4 Re8 31. g3 Qh5 32. Bf3 Qh3 33. Bg2 Qh6 34. Qb6 Bxb5 35. Qxb5 1-0

[Event "Wch U14"]
[Site "Maribor"]
[Date "2012.11.12"]
[Round "5.29"]
[White "Rohrer, Christophe"]
[Black "Badalyan, Shavarsh"]
[Result "0-1"]
[WhiteElo "1976"]
[BlackElo "2081"]
[PlyCount "96"]
[EventDate "2012.11.08"]
[EventType "swiss"]
[EventRounds "11"]
[EventCountry "SLO"]
[SourceTitle "EXT 2013"]
[Source "ChessBase"]
[SourceDate "2012.11.22"]
[SourceVersion "1"]
[SourceVersionDate "2012.11.22"]
[SourceQuality "1"]

1. e4 c5 2. Nf3 e6 3. d4 cxd4 4. Nxd4 a6 5. Bd3 Qc7 6. 0-0 Nf6 7. Nc3 Nc6 8. Nxc6 dxc6 9. f4 e5 10. Qf3 h5 11. fxe5 Ng4 12. Bf4 Bc5+ 13. Kh1 Be6 14. Rad1 0-0-0 15. Na4 Ba7 16. Nc3 Nxe5 17. Qg3 f6 18. h4 Bb8 19. Be2 Qe7 20. Rxd8+ Rxd8 21. Rd1 Rxd1+ 22. Nxd1 g6 23. Bxe5 fxe5 24. a3 Bc7 25. Qf2 Qd8 26. Bd3 Bb6 27. Qg3 Qd4 28. Qe1 Bg4 29. Nc3 Qf2 30. Qxf2 Bxf2 31. Ne2 Bxh4 32. Kh2 Kc7 33. Ng1 Bf2 34. Nh3 Be3 35. b3 Kd6 36. g3 Kc5 37. Kg2 Kd4 38. Nf2 Bxf2 39. Kxf2 Kc3 40. Ke1 g5 41. a4 a5 42. Bc4 Kxc2 43. Kf2 b5 44. axb5 cxb5 45. Bxb5 Kxb3 46. Ke3 a4 47. Bc6 a3 48. Bd5+ Kb2 0-1

[Event "Wch U14"]
[Site "Maribor"]
[Date "2012.11.10"]
[Round "3.37"]
[White "Znidaric, Anze"]
[Black "Badalyan, Shavarsh"]
[Result "0-1"]
[WhiteElo "1837"]
[BlackElo "2081"]
[PlyCount "142"]
[EventDate "2012.11.08"]
[EventType "swiss"]
[EventRounds "11"]
[EventCountry "SLO"]
[SourceTitle "EXT 2013"]
[Source "ChessBase"]
[SourceDate "2012.11.22"]
[SourceVersion "1"]
[SourceVersionDate "2012.11.22"]
[SourceQuality "1"]

1. d4 Nf6 2. Nf3 e6 3. g3 d5 4. Bg2 c5 5. c4 dxc4 6. Qa4+ Bd7 7. Qxc4 Nc6 8. 0-0 b5 9. Qc3 Rc8 10. dxc5 Nd5 11. Qd2 Bxc5 12. e4 Nf6 13. Qg5 Nxe4 14. Qxg7 Qf6 15. Qxf6 Nxf6 16. a3 b4 17. axb4 Nxb4 18. Nc3 Nbd5 19. Ne5 Nxc3 20. bxc3 Bb5 21. Rd1 Nd7 22. c4 Nxe5 23. cxb5 0-0 24. Ra4 Rfd8 25. Rxd8+ Rxd8 26. Be3 Rd1+ 27. Bf1 Bxe3 28. fxe3 Rd7 29. Be2 Kf8 30. Kf1 Ng6 31. Kf2 Ke7 32. Kf3 Rc7 33. g4 h6 34. Ke4 Kf6 35. h3 Ne7 36. Bc4 Nc8 37. Bd3 Nb6 38. Ra3 Ke7 39. h4 Kd6 40. Kd4 f6 41. Ra2 Rg7 42. Rg2 Nd5 43. Be4 Ne7 44. Ra2 e5+ 45. Kd3 Nd5 46. Ra6+ Nb6 47. Bf3 Kc5 48. Ke4 Kxb5 49. Be2+ Kc5 50. Kf5 Nd5 51. e4 Nc3 52. Bf3 Kd4 53. Kxf6 Rc7 54. Kg6 Ke3 55. Bh1 Kf4 56. Kh5 Kg3 57. g5 hxg5 58. hxg5 Rh7+ 59. Rh6 Rg7 60. g6 Ne2 61. Kg5 Nf4 62. Kf6 Rxg6+ 63. Rxg6+ Nxg6 64. Kxg6 a5 65. Kf5 a4 66. Kxe5 a3 67. Kd6 a2 68. e5 a1Q 69. Bc6 Qd4+ 70. Bd5 Kf4 71. e6 Qe5+ 0-1

[Event "Wch U14"]
[Site "Maribor"]
[Date "2012.11.08"]
[Round "1.50"]
[White "Jarc, Jakob"]
[Black "Badalyan, Shavarsh"]
[Result "1-0"]
[WhiteElo "1698"]
[BlackElo "2081"]
[PlyCount "81"]
[EventDate "2012.11.08"]
[EventType "swiss"]
[EventRounds "11"]
[EventCountry "SLO"]
[SourceTitle "EXT 2013"]
[Source "ChessBase"]
[SourceDate "2012.11.22"]
[SourceVersion "1"]
[SourceVersionDate "2012.11.22"]
[SourceQuality "1"]

1. e4 c5 2. Nf3 e6 3. d4 cxd4 4. Nxd4 a6 5. Nc3 Qc7 6. Bd3 Nf6 7. 0-0 Nc6 8. Nxc6 dxc6 9. h3 e5 10. Be3 Be6 11. Qe2 Be7 12. Rad1 b5 13. a3 0-0 14. f4 exf4 15. Bxf4 Qb6+ 16. Kh1 Rad8 17. Bg5 Qc7 18. Qf3 Ng4 19. Bf4 Ne5 20. Qg3 f6 21. Be2 a5 22. Qe3 b4 23. axb4 axb4 24. Na4 c5 25. b3 Qc6 26. Nb2 Rd4 27. Bxe5 Rxe4 28. Qd3 Rxe5 29. Bf3 Qc8 30. Nc4 Rg5 31. Be4 Rd8 32. Qf3 Qc7 33. Bxh7+ Kh8 34. Rxd8+ Bxd8 35. Bd3 g6 36. Re1 Bd5 37. Be4 Bf7 38. Bd3 Kg7 39. Ne3 Qe5 40. Rd1 Bc7 41. Nf1 1-0

[Event "UZB-ch U20"]
[Site "Novbahor"]
[Date "2012.09.14"]
[Round "9"]
[White "Artemenko, Oleg"]
[Black "Badalyan, Shavarsh"]
[Result "1/2-1/2"]
[WhiteElo "2269"]
[BlackElo "2039"]
[PlyCount "106"]
[EventDate "2012.09.06"]
[EventType "tourn"]
[EventRounds "13"]
[EventCountry "UZB"]
[SourceTitle "EXT 2013"]
[Source "ChessBase"]
[SourceDate "2012.11.22"]
[SourceVersion "1"]
[SourceVersionDate "2012.11.22"]
[SourceQuality "1"]

1. d4 Nf6 2. c4 e6 3. Nc3 Bb4 4. e3 b6 5. Nge2 c5 6. a3 Ba5 7. Rb1 Na6 8. f3 Bb7 9. Kf2 0-0 10. d5 Bxc3 11. Nxc3 exd5 12. cxd5 d6 13. Bc4 Nc7 14. e4 Nd7 15. Bf4 Qe7 16. Re1 Ne5 17. b3 Ba6 18. Bxa6 Nxa6 19. Kg1 Nc7 20. Bg3 g5 21. Qd2 f6 22. a4 Kh8 23. Nd1 Ne8 24. Ne3 Ng7 25. h4 gxh4 26. Bxh4 Rg8 27. f4 Ng6 28. Nf5 Nxf5 29. exf5 Nxh4 30. Rxe7 Nf3+ 31. Kf2 Nxd2 32. Rb2 Rg4 33. Rxd2 Rxf4+ 34. Kg1 Rxf5 35. Rf2 Rxf2 36. Kxf2 a6 37. Rd7 b5 38. Rxd6 bxa4 39. bxa4 Kg7 40. Rc6 Kg6 41. Ke3 Kf5 42. Kd3 Rg8 43. Kc4 Rxg2 44. Kxc5 h5 45. Rxa6 h4 46. Ra8 h3 47. Rh8 h2 48. a5 Rc2+ 49. Kd4 Ra2 50. a6 Kg4 51. Kc5 Rxa6 52. Rxh2 f5 53. d6 Ra8 1/2-1/2

[Event "UZB-ch U20"]
[Site "Novbahor"]
[Date "2012.09.13"]
[Round "8"]
[White "Badalyan, Shavarsh"]
[Black "Jumanov, Elbek"]
[Result "1-0"]
[WhiteElo "2039"]
[BlackElo "1962"]
[PlyCount "53"]
[EventDate "2012.09.06"]
[EventType "tourn"]
[EventRounds "13"]
[EventCountry "UZB"]
[SourceTitle "EXT 2013"]
[Source "ChessBase"]
[SourceDate "2012.11.22"]
[SourceVersion "1"]
[SourceVersionDate "2012.11.22"]
[SourceQuality "1"]

1. d4 Nf6 2. c4 c5 3. d5 b5 4. cxb5 a6 5. bxa6 g6 6. Nc3 Bxa6 7. g3 d6 8. Bg2 Bg7 9. Nf3 0-0 10. 0-0 Nbd7 11. Rb1 Qa5 12. Bd2 Rfb8 13. Qc2 Qd8 14. b3 Ne8 15. Rfd1 Nc7 16. a4 Rb7 17. Be1 Rab8 18. Na2 Qf8 19. e4 Nb6 20. b4 cxb4 21. Nxb4 Nc4 22. Nxa6 Na3 23. Rxb7 Nxc2 24. Rxb8 Ne8 25. Rc1 Nxe1 26. Rcc8 Nxf3+ 27. Bxf3 1-0

[Event "UZB-ch U20"]
[Site "Novbahor"]
[Date "2012.09.11"]
[Round "6"]
[White "Badalyan, Shavarsh"]
[Black "Saydaliev, Saidakbar"]
[Result "1-0"]
[WhiteElo "2039"]
[BlackElo "1924"]
[PlyCount "39"]
[EventDate "2012.09.06"]
[EventType "tourn"]
[EventRounds "13"]
[EventCountry "UZB"]
[SourceTitle "EXT 2013"]
[Source "ChessBase"]
[SourceDate "2012.11.22"]
[SourceVersion "1"]
[SourceVersionDate "2012.11.22"]
[SourceQuality "1"]

1. d4 Nf6 2. c4 e6 3. Nf3 b6 4. g3 Bb7 5. Bg2 c5 6. d5 exd5 7. Nh4 d6 8. Nc3 g6 9. Nxd5 Nxd5 10. Bxd5 Qc7 11. Bxb7 Qxb7 12. 0-0 Be7 13. Ng2 0-0 14. Ne3 Bf6 15. Qxd6 Bg7 16. Nd5 Nc6 17. Qxc6 Qxc6 18. Ne7+ Kh8 19. Nxc6 Rfe8 20. Rd1 1-0

[Event "UZB-ch U20"]
[Site "Novbahor"]
[Date "2012.09.06"]
[Round "1"]
[White "Badalyan, Shavarsh"]
[Black "Rahman, Adel"]
[Result "1/2-1/2"]
[WhiteElo "2039"]
[BlackElo "2092"]
[PlyCount "36"]
[EventDate "2012.09.06"]
[EventType "tourn"]
[EventRounds "13"]
[EventCountry "UZB"]
[SourceTitle "EXT 2013"]
[Source "ChessBase"]
[SourceDate "2012.11.22"]
[SourceVersion "1"]
[SourceVersionDate "2012.11.22"]
[SourceQuality "1"]

1. d4 Nf6 2. c4 c5 3. d5 b5 4. cxb5 a6 5. bxa6 g6 6. Nc3 Bxa6 7. g3 d6 8. Bg2 Bg7 9. Nf3 Nbd7 10. Rb1 0-0 11. 0-0 Qa5 12. Bd2 Rfb8 13. Qc2 Ng4 14. b3 Qa3 15. Bc1 Qa5 16. Bd2 Qa3 17. Bc1 Qa5 18. Bd2 Qa3 1/2-1/2

[Event "Tashkent Hokim Cup 4th"]
[Site "Tashkent"]
[Date "2012.08.06"]
[Round "9"]
[White "Tashkhodzhaev, Akram"]
[Black "Badalyan, Shavarsh"]
[Result "1-0"]
[WhiteElo "2200"]
[BlackElo "2024"]
[PlyCount "80"]
[EventDate "2012.07.29"]
[EventType "swiss"]
[EventRounds "9"]
[EventCountry "UZB"]
[SourceTitle "EXT 2024"]
[Source "ChessBase"]
[SourceDate "2023.10.10"]
[SourceVersion "1"]
[SourceVersionDate "2023.10.10"]
[SourceQuality "1"]

1. e4 c5 2. Nf3 e6 3. d3 Nc6 4. g3 d5 5. Nbd2 Bd6 6. Bg2 Nge7 7. 0-0 0-0 8. Re1 b6 9. Nf1 a5 10. a4 Ba6 11. Ne3 Bc7 12. exd5 exd5 13. d4 Bb7 14. b3 f6 15. Ba3 Bd6 16. c3 Qd7 17. Qd2 Rad8 18. Qd3 Rfe8 19. Red1 Kh8 20. dxc5 Bxc5 21. Bxc5 bxc5 22. Qb5 d4 23. Qxc5 d3 24. Bf1 Ba6 25. b4 Ng6 26. b5 Nce5 27. Nxe5 Rxe5 28. Qc4 Bb7 29. Qxd3 Qxd3 30. Rxd3 Rxd3 31. Bxd3 Rc5 32. Bxg6 hxg6 33. c4 Be4 34. Rd1 Kg8 35. Kf1 Rc7 36. Ke2 Kf7 37. Rd4 f5 38. Rd6 Bb7 39. f4 Bc8 40. Kd3 Ke7 1-0

[Event "Tashkent Hokim Cup 4th"]
[Site "Tashkent"]
[Date "2012.08.05"]
[Round "8"]
[White "Badalyan, Shavarsh"]
[Black "Kurbonboeva, Sarvinoz"]
[Result "1-0"]
[WhiteElo "2024"]
[BlackElo "2165"]
[PlyCount "79"]
[EventDate "2012.07.29"]
[EventType "swiss"]
[EventRounds "9"]
[EventCountry "UZB"]
[SourceTitle "EXT 2024"]
[Source "ChessBase"]
[SourceDate "2023.10.10"]
[SourceVersion "1"]
[SourceVersionDate "2023.10.10"]
[SourceQuality "1"]

1. d4 Nf6 2. c4 g6 3. Nc3 Bg7 4. e4 d6 5. f4 0-0 6. Nf3 c5 7. dxc5 Qa5 8. Bd3 Qxc5 9. Qe2 Qc7 10. 0-0 Nc6 11. Kh1 Bg4 12. Be3 Nd7 13. Rac1 Nc5 14. Bb1 a5 15. e5 Rad8 16. Rfd1 Rfe8 17. h3 Bxf3 18. Qxf3 Na7 19. Nd5 Qc6 20. exd6 Qxd6 21. Qf2 b6 22. Rd2 Rc8 23. f5 Qb8 24. Rf1 e6 25. f6 Bf8 26. Ne7+ Bxe7 27. fxe7 f5 28. Bg5 Nc6 29. Bf6 Nxe7 30. Qh4 Qc7 31. Rfd1 Nc6 32. b3 Qf7 33. a3 Rc7 34. Bc2 Rd7 35. Rxd7 Nxd7 36. Bc3 Qe7 37. Qg3 Nf6 38. Qd6 Ne4 39. Bxe4 fxe4 40. Qxc6 1-0

[Event "Tashkent New Year-B"]
[Site "Tashkent"]
[Date "2010.12.22"]
[Round "2"]
[White "Badalyan, Shavarsh"]
[Black "Haylaev, Anvar"]
[Result "1/2-1/2"]
[WhiteElo "1955"]
[BlackElo "2171"]
[PlyCount "64"]
[EventDate "2010.12.21"]
[EventType "swiss"]
[EventRounds "9"]
[EventCountry "UZB"]
[SourceTitle "EXT 2013"]
[Source "ChessBase"]
[SourceDate "2012.11.22"]
[SourceVersion "1"]
[SourceVersionDate "2012.11.22"]
[SourceQuality "1"]

1. d4 Nf6 2. c4 g6 3. Nc3 Bg7 4. e4 d6 5. Be2 0-0 6. Bg5 c5 7. d5 e6 8. Qd2 exd5 9. exd5 Re8 10. Nf3 Bg4 11. 0-0 a6 12. a4 Nbd7 13. h3 Bxf3 14. Bxf3 h5 15. Rae1 Qb6 16. Qc2 Rxe1 17. Rxe1 Ne5 18. Be2 Re8 19. Bd2 Qd8 20. Bf1 Nh7 21. f4 Nd7 22. Rxe8+ Qxe8 23. Qe4 Bd4+ 24. Kh2 Ndf6 25. Qxe8+ Nxe8 26. Kg3 f5 27. Kf3 Nef6 28. Bd3 Kf7 29. b3 Ne8 30. Nd1 Ng7 31. g3 Ne8 32. Ne3 Nef6 1/2-1/2